UPLATNENIE ALELOPATIE PRI REGULÁCII LIPNICE ROČNEJ (POA ANNUA)

Bibliographic Details
Main Authors: Kovár, Peter (Author), Jančovič, Ján, 1949- (Author), Vozár, Ľuboš (Author), Bačová, Slávka (Author)
Format: Article
Language:Slovak
ISBN:9788055206073

MARC

LEADER 00000naa a2200000uu 4500
001 vtls011034074
003 SK-MaSNL
005 20260302124813.0
008 210909|2011 xo |||||||||||||||||slo|
015 |a SNBRA 
035 |a (urnnbn)urn:nbn:sk:snk:ar-008sk5 
035 |a (uuid)21497c5a-27bf-4051-88d2-055b7a24fad1 
035 |a urn:nbn:sk:snk-aauoe8 
040 |a SNKBUCL  |b slo  |c SNKBUCL  |e AACR2 
041 0 |a slo 
044 |a xo  |c SK 
100 1 |a Kovár, Peter  |4 aut  |9 368518 
245 1 0 |a UPLATNENIE ALELOPATIE PRI REGULÁCII LIPNICE ROČNEJ (POA ANNUA)  |c Peter KOVÁR, Ján JANČOVIČ, Ľuboš VOZÁR, Slávka BAČOVÁ 
246 3 |a THE APPLICATION OF ALLELOPATHY IN POA ANNUA REGULATING 
700 1 |a Jančovič, Ján,  |d 1949-  |4 aut  |9 86021 
700 1 |a Vozár, Ľuboš  |4 aut  |9 301679 
700 1 |a Bačová, Slávka  |4 aut  |9 811166 
773 0 |t Trávniky v meniacich sa podmienkach klímy  |d Nitra : Slovenská poľnohospodárska univerzita, 2011  |g S. 14-18  |z 9788055206073 
958 |a OND 
958 |a article12 
958 |a chapter 
999 |c 1290189  |d 1292119